[Event "DVM U14w 2020"]
[Site "Willingen GER"]
[Date "2021.06.26"]
[Round "5"]
[White "Chen, Michelle"]
[Black "Leongardt, Adel"]
[Result "1/2-1/2"]
[Termination "normal"]
[Board "3.4"]
[WhiteElo "1064"]
[BlackElo "1157"]
[WhiteClock "00:21:13"]
[BlackClock "00:37:42"]
[WhiteTeam "TuRa Harksheide von 1945 Norderstedt"]
[BlackTeam "TSG Oberschöneweide e.V."]
[PlyCount "140"]
[WhiteFideId "16275403"]
[BlackFideId "16256549"]
[EventCountry "GER"]
[EventRounds "7"]
[EventType "team-swiss"]
[EventDate "2021.06.23"]

1. d4 {[%clk 1:30:58]} d5 {[%clk 1:30:50]} 2. c4 {[%clk 1:31:24]} Nc6 {[%clk
1:31:15]} 3. Nc3 {[%clk 1:31:38]} dxc4 {[%clk 1:31:38]} 4. e3 {[%clk 1:31:56]}
e5 {[%clk 1:30:45]} 5. d5 {[%clk 1:30:35]} Nce7 {[%clk 1:21:19]} 6. Bxc4 {[%clk
1:29:00]} Nf6 {[%clk 1:21:21]} 7. e4 {[%clk 1:26:23]} c6 {[%clk 1:20:14]} 8.
Nf3 {[%clk 1:20:56]} Bg4 {[%clk 1:19:10]} 9. O-O {[%clk 1:13:11]} Nc8 {[%clk
1:16:34]} 10. dxc6 {[%clk 1:07:29]} Qxd1 {[%clk 1:15:37]} 11. Rxd1 {[%clk
1:05:31]} bxc6 {[%clk 1:14:44]} 12. Be2 {[%clk 1:02:31]} Bxf3 {[%clk 1:11:59]}
13. Bxf3 {[%clk 1:01:09]} Bb4 {[%clk 1:07:34]} 14. Bg5 {[%clk 0:59:44]} Be7
{[%clk 1:05:58]} 15. Ne2 {[%clk 0:54:19]} O-O {[%clk 1:05:17]} 16. Rac1 {[%clk
0:52:38]} Rd8 {[%clk 0:55:48]} 17. Rxd8+ {[%clk 0:49:53]} Bxd8 {[%clk 0:55:37]}
18. Rxc6 {[%clk 0:48:41]} h6 {[%clk 0:54:38]} 19. Bxf6 {[%clk 0:44:06]} Bxf6
{[%clk 0:55:00]} 20. Nc3 {[%clk 0:41:21]} Ne7 {[%clk 0:54:46]} 21. Rd6 {[%clk
0:40:05]} Rb8 {[%clk 0:54:18]} 22. b3 {[%clk 0:38:00]} Rc8 {[%clk 0:53:43]} 23.
Rd3 {[%clk 0:37:10]} Nc6 {[%clk 0:52:07]} 24. Nd5 {[%clk 0:34:43]} Bg5 {[%clk
0:51:38]} 25. g3 {[%clk 0:34:36]} Kh8 {[%clk 0:49:44]} 26. Rc3 {[%clk 0:34:08]}
Ne7 {[%clk 0:49:06]} 27. Rxc8+ Nxc8 {[%clk 0:49:27]} 28. Bg4 {[%clk 0:34:44]}
Nb6 {[%clk 0:48:28]} 29. h4 {[%clk 0:33:14]} Nxd5 {[%clk 0:44:30]} 30. exd5 Bd8
{[%clk 0:44:29]} 31. Kf1 {[%clk 0:32:30]} Kg8 {[%clk 0:44:52]} 32. Ke2 {[%clk
0:32:48]} Kf8 {[%clk 0:45:17]} 33. Ke3 {[%clk 0:33:09]} Ke7 {[%clk 0:45:42]}
34. h5 {[%clk 0:32:12]} a5 {[%clk 0:45:40]} 35. Ke4 {[%clk 0:32:16]} Kd6 {[%clk
0:46:03]} 36. f4 {[%clk 0:31:11]} exf4 {[%clk 0:44:28]} 37. gxf4 {[%clk
0:29:05]} Bf6 {[%clk 0:43:49]} 38. Bf3 {[%clk 0:28:52]} Kc5 {[%clk 0:43:37]}
39. Kd3 {[%clk 0:27:11]} Kb4 {[%clk 0:42:48]} 40. Kc2 {[%clk 0:26:21]} Ka3
{[%clk 0:42:47]} 41. Kb1 {[%clk 0:25:40]} Be7 {[%clk 0:42:07]} 42. Ka1 {[%clk
0:22:36]} Bd6 {[%clk 0:41:30]} 43. f5 {[%clk 0:22:37]} a4 {[%clk 0:39:05]} 44.
bxa4 {[%clk 0:22:29]} Kxa4 {[%clk 0:39:28]} 45. Kb2 {[%clk 0:21:53]} Be5+
{[%clk 0:38:59]} 46. Kc2 {[%clk 0:21:34]} Kb4 {[%clk 0:39:22]} 47. Be2 {[%clk
0:20:24]} Kc5 {[%clk 0:39:18]} 48. a4 {[%clk 0:20:17]} Kxd5 {[%clk 0:39:02]}
49. Kb3 {[%clk 0:20:20]} Bd4 {[%clk 0:39:21]} 50. a5 {[%clk 0:19:21]} Ke5
{[%clk 0:39:44]} 51. Bd3 {[%clk 0:19:38]} Kf4 {[%clk 0:40:00]} 52. Kc4 {[%clk
0:19:35]} Bg1 {[%clk 0:40:03]} 53. Kd5 {[%clk 0:19:43]} Kg5 {[%clk 0:40:23]}
54. Be2 {[%clk 0:19:42]} Kxf5 {[%clk 0:40:43]} 55. Bd3+ {[%clk 0:19:13]} Kg5
{[%clk 0:40:26]} 56. Be2 {[%clk 0:19:30]} f5 {[%clk 0:40:14]} 57. a6 {[%clk
0:19:32]} f4 {[%clk 0:40:27]} 58. Ke4 {[%clk 0:19:45]} Be3 {[%clk 0:40:39]} 59.
Ke5 {[%clk 0:18:57]} Kh4 {[%clk 0:40:14]} 60. Kf5 {[%clk 0:19:12]} Kg3 {[%clk
0:39:48]} 61. Kg6 {[%clk 0:18:40]} f3 {[%clk 0:39:25]} 62. Bxf3 {[%clk
0:18:35]} Kxf3 {[%clk 0:39:41]} 63. Kxg7 {[%clk 0:19:04]} Kg4 {[%clk 0:38:59]}
64. a7 {[%clk 0:19:29]} Bxa7 {[%clk 0:39:17]} 65. Kxh6 {[%clk 0:19:55]} Kf5
{[%clk 0:39:13]} 66. Kh7 {[%clk 0:20:07]} Kf6 {[%clk 0:39:33]} 67. h6 {[%clk
0:20:24]} Kf7 {[%clk 0:39:48]} 68. Kh8 {[%clk 0:20:44]} Bb8 {[%clk 0:38:54]}
69. Kh7 {[%clk 0:21:03]} Bf4 {[%clk 0:37:42]} 70. Kh8 {[%clk 0:21:13]} Bxh6
1/2-1/2

[Event "DVM U14w 2020"]
[Site "Willingen GER"]
[Date "2021.06.26"]
[Round "5"]
[White "Werner, Rosalie"]
[Black "Hubert, Charlotte"]
[Result "1/2-1/2"]
[Termination "normal"]
[Board "4.1"]
[WhiteElo "1751"]
[BlackElo "1549"]
[WhiteClock "00:08:16"]
[BlackClock "00:10:31"]
[WhiteTeam "VSG 1880 Offenbach"]
[BlackTeam "Hamburger SK von 1830"]
[PlyCount "70"]
[WhiteFideId "16223748"]
[BlackFideId "16265920"]
[EventCountry "GER"]
[EventRounds "7"]
[EventType "team-swiss"]
[EventDate "2021.06.23"]

1. e4 {[%clk 1:30:58]} c5 {[%clk 1:30:52]} 2. Nf3 {[%clk 1:31:25]} d6 {[%clk
1:31:13]} 3. d4 {[%clk 1:31:50]} cxd4 {[%clk 1:31:36]} 4. Nxd4 {[%clk 1:32:16]}
Nf6 {[%clk 1:31:53]} 5. Nc3 {[%clk 1:32:43]} a6 {[%clk 1:32:09]} 6. Be2 {[%clk
1:33:10]} e5 {[%clk 1:32:24]} 7. Nb3 {[%clk 1:33:35]} Be7 {[%clk 1:32:45]} 8.
O-O {[%clk 1:33:58]} O-O {[%clk 1:33:04]} 9. Re1 {[%clk 1:34:23]} Be6 {[%clk
1:32:30]} 10. Bf3 {[%clk 1:34:30]} Nbd7 {[%clk 1:31:43]} 11. a4 {[%clk
1:34:11]} Rc8 {[%clk 1:30:49]} 12. Nd2 {[%clk 1:28:49]} Nb6 {[%clk 1:13:21]}
13. a5 {[%clk 1:24:55]} Nc4 {[%clk 1:13:30]} 14. Nxc4 {[%clk 1:24:42]} Bxc4
{[%clk 1:13:04]} 15. Be3 {[%clk 1:22:51]} Qd7 {[%clk 1:03:49]} 16. Na4 {[%clk
1:11:38]} Qc6 {[%clk 0:54:02]} 17. Nb6 {[%clk 1:08:35]} Rcd8 {[%clk 0:53:11]}
18. b3 {[%clk 0:58:48]} Be6 {[%clk 0:53:26]} 19. c4 {[%clk 0:59:00]} Nd7 {[%clk
0:50:10]} 20. Nxd7 {[%clk 0:50:08]} Qxd7 {[%clk 0:48:21]} 21. Bb6 {[%clk
0:49:16]} Rc8 {[%clk 0:47:33]} 22. Qd2 {[%clk 0:45:55]} Bd8 {[%clk 0:45:05]}
23. Be3 {[%clk 0:38:44]} Rc6 {[%clk 0:37:47]} 24. Qd3 {[%clk 0:36:06]} Qc8
{[%clk 0:34:21]} 25. Bd2 {[%clk 0:33:07]} Be7 {[%clk 0:33:29]} 26. Be3 {[%clk
0:25:30]} Rd8 {[%clk 0:31:09]} 27. Red1 {[%clk 0:19:42]} h6 {[%clk 0:27:43]}
28. Qe2 {[%clk 0:18:41]} Kf8 {[%clk 0:16:10]} 29. h3 {[%clk 0:17:52]} Kg8
{[%clk 0:15:32]} 30. Bg4 {[%clk 0:14:16]} Re8 {[%clk 0:13:23]} 31. Bxe6 {[%clk
0:12:31]} Qxe6 {[%clk 0:13:42]} 32. Qg4 {[%clk 0:12:11]} Qxg4 {[%clk 0:13:24]}
33. hxg4 {[%clk 0:12:36]} f6 {[%clk 0:11:31]} 34. Rd5 {[%clk 0:11:07]} Kf7
{[%clk 0:11:12]} 35. Rad1 {[%clk 0:08:16]} Ke6 {[%clk 0:10:31]} 1/2-1/2

[Event "DVM U14w 2020"]
[Site "Willingen GER"]
[Date "2021.06.26"]
[Round "5"]
[White "Modali, Nikhilamrutha"]
[Black "Buchholz, Maja"]
[Result "0-1"]
[Termination "normal"]
[Board "4.2"]
[WhiteElo "1205"]
[BlackElo "1713"]
[WhiteClock "00:10:23"]
[BlackClock "00:37:32"]
[WhiteTeam "Hamburger SK von 1830"]
[BlackTeam "VSG 1880 Offenbach"]
[PlyCount "70"]
[WhiteFideId "16282370"]
[BlackFideId "16200500"]
[EventCountry "GER"]
[EventRounds "7"]
[EventType "team-swiss"]
[EventDate "2021.06.23"]

1. e4 {[%clk 1:30:57]} e6 {[%clk 1:30:56]} 2. d4 {[%clk 1:31:23]} d5 {[%clk
1:31:19]} 3. Bd3 {[%clk 1:31:47]} dxe4 {[%clk 1:31:43]} 4. Bxe4 {[%clk
1:32:09]} Nf6 {[%clk 1:32:05]} 5. Nc3 {[%clk 1:30:52]} Bb4 {[%clk 1:31:30]} 6.
Bg5 {[%clk 1:28:42]} h6 {[%clk 1:30:20]} 7. Bxf6 {[%clk 1:27:04]} Qxf6 {[%clk
1:30:43]} 8. Nf3 {[%clk 1:26:21]} c5 {[%clk 1:30:06]} 9. O-O {[%clk 1:22:17]}
cxd4 {[%clk 1:24:55]} 10. Nxd4 {[%clk 1:22:36]} Bxc3 {[%clk 1:25:13]} 11. bxc3
{[%clk 1:22:56]} O-O {[%clk 1:25:32]} 12. Rb1 {[%clk 1:21:53]} e5 {[%clk
1:22:24]} 13. Nb5 {[%clk 1:15:06]} Nc6 {[%clk 1:19:13]} 14. Qd6 {[%clk
1:08:08]} Be6 {[%clk 1:08:42]} 15. Nc7 {[%clk 1:00:36]} Rad8 {[%clk 1:08:33]}
16. Qa3 {[%clk 0:59:37]} Bc8 {[%clk 1:07:25]} 17. Nd5 {[%clk 0:50:12]} Qh4
{[%clk 1:03:56]} 18. Rfe1 {[%clk 0:40:30]} f5 {[%clk 1:01:20]} 19. g3 {[%clk
0:40:06]} Qg5 {[%clk 1:00:05]} 20. h4 {[%clk 0:36:39]} Qg4 {[%clk 0:58:19]} 21.
Qb3 {[%clk 0:33:17]} Kh8 {[%clk 0:57:45]} 22. Bg2 {[%clk 0:27:49]} f4 {[%clk
0:56:41]} 23. c4 {[%clk 0:23:22]} Nd4 {[%clk 0:56:00]} 24. Qd3 {[%clk 0:20:42]}
Bf5 {[%clk 0:52:07]} 25. Qd1 {[%clk 0:19:53]} f3 {[%clk 0:43:39]} 26. Rxe5
{[%clk 0:14:30]} fxg2 {[%clk 0:40:35]} 27. Qxg4 {[%clk 0:14:22]} Bxg4 {[%clk
0:40:59]} 28. Re4 {[%clk 0:13:34]} Ne2+ {[%clk 0:39:33]} 29. Kh2 {[%clk
0:11:58]} Rxf2 {[%clk 0:36:30]} 30. Rxe2 {[%clk 0:10:59]} Rxe2 {[%clk 0:36:16]}
31. Nf4 {[%clk 0:10:09]} Rxc2 {[%clk 0:36:31]} 32. Rxb7 {[%clk 0:10:12]} Rd1
{[%clk 0:36:30]} 33. Ng6+ {[%clk 0:10:04]} Kh7 {[%clk 0:36:40]} 34. Nf8+ {[%clk
0:10:08]} Kg8 {[%clk 0:37:06]} 35. Ng6 {[%clk 0:10:23]} Rh1# {[%clk 0:37:32]}
0-1

[Event "DVM U14w 2020"]
[Site "Willingen GER"]
[Date "2021.06.26"]
[Round "5"]
[White "Dixon Quiroz, Laura Michaela"]
[Black "Wu, Yvonne Yihan"]
[Result "1-0"]
[Termination "normal"]
[Board "4.3"]
[WhiteElo "1304"]
[BlackElo "1123"]
[WhiteClock "00:07:04"]
[BlackClock "00:06:21"]
[WhiteTeam "VSG 1880 Offenbach"]
[BlackTeam "Hamburger SK von 1830"]
[PlyCount "135"]
[WhiteFideId "16248708"]
[BlackFideId "16298330"]
[EventCountry "GER"]
[EventRounds "7"]
[EventType "team-swiss"]
[EventDate "2021.06.23"]

1. e4 {[%clk 1:30:55]} c6 {[%clk 1:30:52]} 2. Ne2 {[%clk 1:31:18]} d5 {[%clk
1:29:02]} 3. e5 {[%clk 1:31:36]} e6 {[%clk 1:26:01]} 4. d4 {[%clk 1:30:39]} Nd7
{[%clk 1:24:09]} 5. c3 {[%clk 1:26:19]} c5 {[%clk 1:21:07]} 6. Be3 {[%clk
1:24:09]} Qb6 {[%clk 1:13:42]} 7. b3 {[%clk 1:21:59]} Ne7 {[%clk 1:09:49]} 8.
f4 {[%clk 1:17:11]} Nf5 {[%clk 1:08:05]} 9. Bf2 {[%clk 1:17:17]} Be7 {[%clk
1:01:58]} 10. Ng3 {[%clk 1:13:09]} Nb8 {[%clk 0:56:23]} 11. Nxf5 {[%clk
1:08:02]} exf5 {[%clk 0:56:23]} 12. Nd2 {[%clk 1:07:46]} Be6 {[%clk 0:54:13]}
13. Nf3 {[%clk 1:06:54]} Nd7 {[%clk 0:51:15]} 14. Be2 {[%clk 1:04:49]} c4
{[%clk 0:47:33]} 15. b4 {[%clk 1:00:56]} Nf8 {[%clk 0:45:56]} 16. a4 {[%clk
0:51:42]} a5 {[%clk 0:45:36]} 17. b5 {[%clk 0:51:49]} Ng6 {[%clk 0:42:28]} 18.
Qd2 {[%clk 0:51:40]} O-O {[%clk 0:41:39]} 19. h3 Rae8 {[%clk 0:37:29]} 20. Nh2
{[%clk 0:48:33]} f6 {[%clk 0:30:01]} 21. Bh5 {[%clk 0:44:09]} Bf7 {[%clk
0:28:39]} 22. O-O {[%clk 0:39:33]} Qc7 {[%clk 0:24:35]} 23. Rae1 {[%clk
0:34:53]} Nxe5 {[%clk 0:24:02]} 24. Bxf7+ {[%clk 0:33:18]} Nxf7 {[%clk
0:24:24]} 25. Bg3 Nd6 {[%clk 0:22:49]} 26. Rf3 {[%clk 0:27:18]} Ne4 {[%clk
0:21:04]} 27. Qc1 {[%clk 0:27:24]} Bd6 {[%clk 0:19:20]} 28. Nf1 {[%clk
0:26:30]} Re7 {[%clk 0:18:22]} 29. Kh2 {[%clk 0:24:46]} Rfe8 {[%clk 0:17:25]}
30. Kg1 {[%clk 0:23:06]} Nxg3 {[%clk 0:16:59]} 31. Rxe7 {[%clk 0:23:12]} Ne2+
{[%clk 0:14:46]} 32. Rxe2 {[%clk 0:22:36]} Rxe2 {[%clk 0:15:08]} 33. Ng3 {[%clk
0:21:44]} Ra2 {[%clk 0:13:51]} 34. Qe3 {[%clk 0:18:51]} Kf7 {[%clk 0:12:37]}
35. Nxf5 {[%clk 0:17:51]} Rxa4 {[%clk 0:11:01]} 36. Qc1 {[%clk 0:17:04]} Qd7
{[%clk 0:09:04]} 37. Qc2 {[%clk 0:15:53]} Ra1+ {[%clk 0:08:06]} 38. Kf2 {[%clk
0:15:57]} g6 {[%clk 0:06:16]} 39. Qb2 {[%clk 0:14:40]} Ra3 {[%clk 0:04:17]} 40.
Ne3 {[%clk 0:07:07]} Rb3 {[%clk 0:03:16]} 41. Qa2 {[%clk 0:07:02]} Qxb5 42. Kg3
{[%clk 0:06:00]} Rxc3 {[%clk 0:29:41]} 43. Nf1 {[%clk 0:29:59]} Rb3 {[%clk
0:26:05]} 44. Ne3 {[%clk 0:28:39]} Ra3 {[%clk 0:25:04]} 45. Qe2 {[%clk
0:22:32]} g5 {[%clk 0:22:18]} 46. Kg4 {[%clk 0:22:51]} gxf4 {[%clk 0:20:27]}
47. Nf5 {[%clk 0:20:16]} Bf8 {[%clk 0:19:14]} 48. Rxf4 {[%clk 0:19:26]} Qe8
{[%clk 0:18:43]} 49. Qb2 {[%clk 0:17:41]} Rb3 {[%clk 0:16:30]} 50. Qc2 {[%clk
0:18:00]} Kg8 {[%clk 0:15:58]} 51. Kh4 {[%clk 0:16:41]} Qe1+ {[%clk 0:13:57]}
52. Kh5 {[%clk 0:14:27]} Qb1 {[%clk 0:10:14]} 53. Qe2 {[%clk 0:12:51]} Rb6
{[%clk 0:09:20]} 54. Qe8 {[%clk 0:07:36]} Qd1+ {[%clk 0:08:21]} 55. Rg4+ {[%clk
0:07:40]} Qxg4+ {[%clk 0:08:04]} 56. hxg4 {[%clk 0:07:43]} Rb1 {[%clk 0:06:49]}
57. Qe6+ {[%clk 0:06:12]} Kh8 {[%clk 0:06:50]} 58. Qxf6+ {[%clk 0:06:36]} Kg8
{[%clk 0:06:48]} 59. Qe6+ {[%clk 0:06:38]} Kh8 {[%clk 0:06:49]} 60. Qe5+ {[%clk
0:06:48]} Kg8 {[%clk 0:06:51]} 61. Qxd5+ {[%clk 0:07:04]} Kh8 {[%clk 0:07:03]}
62. Qxc4 {[%clk 0:06:11]} Rh1+ {[%clk 0:07:01]} 63. Kg5 {[%clk 0:06:36]} h6+
{[%clk 0:07:11]} 64. Kg6 {[%clk 0:06:52]} Rb1 {[%clk 0:06:28]} 65. Qe6 {[%clk
0:06:28]} Rc1 {[%clk 0:06:09]} 66. Qf6+ {[%clk 0:06:34]} Kg8 {[%clk 0:06:05]}
67. Qf7+ {[%clk 0:06:47]} Kh8 {[%clk 0:06:21]} 68. Qh7# {[%clk 0:07:04]} Rc3
1-0

[Event "DVM U14w 2020"]
[Site "Willingen GER"]
[Date "2021.06.26"]
[Round "5"]
[White "von Beckh, Frieda"]
[Black "Alferova, Emily"]
[Result "0-1"]
[Termination "normal"]
[Board "5.1"]
[WhiteElo "1610"]
[BlackElo "1365"]
[WhiteClock "00:14:32"]
[BlackClock "00:02:45"]
[WhiteTeam "SV Multatuli Ingelheim e.V."]
[BlackTeam "SC Garching 1980 e.V."]
[PlyCount "76"]
[WhiteFideId "16233751"]
[BlackFideId "16265904"]
[EventCountry "GER"]
[EventRounds "7"]
[EventType "team-swiss"]
[EventDate "2021.06.23"]

1. e4 {[%clk 1:30:57]} e5 {[%clk 1:30:54]} 2. Nf3 {[%clk 1:31:16]} Nc6 {[%clk
1:31:19]} 3. d4 {[%clk 1:31:33]} exd4 {[%clk 1:31:45]} 4. Nxd4 {[%clk 1:31:49]}
g6 {[%clk 1:32:00]} 5. Nc3 {[%clk 1:32:02]} Bg7 {[%clk 1:32:25]} 6. Be3 {[%clk
1:32:13]} Nge7 {[%clk 1:31:11]} 7. f4 {[%clk 1:25:45]} O-O {[%clk 1:18:27]} 8.
Qd2 {[%clk 1:23:55]} d5 {[%clk 1:09:40]} 9. e5 {[%clk 1:20:16]} Nxd4 {[%clk
1:04:50]} 10. Bxd4 {[%clk 1:20:02]} c6 {[%clk 1:04:08]} 11. O-O-O {[%clk
1:18:51]} b6 {[%clk 1:02:36]} 12. Be2 {[%clk 1:16:10]} c5 {[%clk 0:57:46]} 13.
Bf2 {[%clk 1:15:22]} d4 {[%clk 0:54:07]} 14. Ne4 {[%clk 1:14:06]} Bb7 {[%clk
0:50:02]} 15. Bf3 {[%clk 1:11:08]} Rb8 {[%clk 0:40:54]} 16. Nf6+ {[%clk
1:09:12]} Bxf6 {[%clk 0:38:19]} 17. Bxb7 {[%clk 1:05:34]} Bxe5 {[%clk 0:35:19]}
18. fxe5 {[%clk 1:04:28]} Rxb7 {[%clk 0:35:32]} 19. Bh4 {[%clk 1:03:43]} Qd5
{[%clk 0:28:24]} 20. Kb1 {[%clk 0:48:39]} Qxe5 {[%clk 0:27:35]} 21. Rdf1 {[%clk
0:42:25]} Nf5 {[%clk 0:24:49]} 22. Bg3 {[%clk 0:41:00]} Nxg3 {[%clk 0:24:33]}
23. hxg3 {[%clk 0:41:20]} Qe3 {[%clk 0:17:56]} 24. Qd1 {[%clk 0:39:08]} Qxg3
{[%clk 0:17:46]} 25. Rf3 {[%clk 0:36:43]} Qg4 {[%clk 0:16:54]} 26. Qd2 {[%clk
0:32:20]} f6 {[%clk 0:10:44]} 27. Qe2 {[%clk 0:30:22]} Qd7 {[%clk 0:08:26]} 28.
Qc4+ {[%clk 0:27:44]} Qf7 {[%clk 0:08:28]} 29. Qd3 {[%clk 0:25:04]} Re7 {[%clk
0:07:36]} 30. Rfh3 {[%clk 0:24:26]} Rfe8 {[%clk 0:06:22]} 31. Qd2 {[%clk
0:22:33]} Re2 {[%clk 0:05:17]} 32. Qc1 {[%clk 0:21:46]} R8e7 {[%clk 0:03:51]}
33. R3h2 {[%clk 0:18:11]} Qe8 {[%clk 0:03:59]} 34. Rd1 {[%clk 0:17:13]} Re1
{[%clk 0:03:21]} 35. Rh1 {[%clk 0:17:00]} Rxd1 {[%clk 0:03:42]} 36. Qxd1 {[%clk
0:16:57]} Re2 {[%clk 0:03:13]} 37. Qf1 {[%clk 0:16:06]} Qe4 {[%clk 0:02:24]}
38. Qc1 {[%clk 0:14:32]} Qe3 {[%clk 0:02:45]} 0-1

[Event "DVM U14w 2020"]
[Site "Willingen GER"]
[Date "2021.06.26"]
[Round "5"]
[White "Muhina, Alina"]
[Black "König, Pauline"]
[Result "1-0"]
[Termination "normal"]
[Board "5.4"]
[WhiteElo "1343"]
[BlackElo "1034"]
[WhiteClock "00:42:08"]
[BlackClock "00:26:01"]
[WhiteTeam "SC Garching 1980 e.V."]
[BlackTeam "SV Multatuli Ingelheim e.V."]
[PlyCount "89"]
[WhiteFideId "16298322"]
[BlackFideId "34605789"]
[EventCountry "GER"]
[EventRounds "7"]
[EventType "team-swiss"]
[EventDate "2021.06.23"]

1. e4 {[%clk 1:30:58]} e6 {[%clk 1:30:52]} 2. d4 {[%clk 1:31:23]} d5 {[%clk
1:31:13]} 3. e5 {[%clk 1:31:44]} c5 {[%clk 1:31:15]} 4. c3 {[%clk 1:31:58]} Nc6
{[%clk 1:31:03]} 5. f4 {[%clk 1:31:50]} Qb6 {[%clk 1:28:04]} 6. Nf3 {[%clk
1:31:26]} Nge7 {[%clk 1:27:07]} 7. g3 {[%clk 1:27:58]} Ng8 {[%clk 1:14:05]} 8.
Bh3 {[%clk 1:19:39]} Qa5 {[%clk 1:07:46]} 9. O-O {[%clk 1:17:06]} b5 {[%clk
1:02:09]} 10. Be3 {[%clk 1:13:04]} b4 {[%clk 0:58:13]} 11. Re1 {[%clk 1:12:26]}
Ba6 {[%clk 0:50:37]} 12. Ng5 {[%clk 1:10:03]} Nh6 {[%clk 0:44:31]} 13. g4
{[%clk 0:58:13]} g6 {[%clk 0:42:31]} 14. f5 {[%clk 0:55:58]} gxf5 {[%clk
0:41:47]} 15. gxf5 {[%clk 0:56:21]} Nxf5 {[%clk 0:41:43]} 16. Bxf5 {[%clk
0:56:38]} exf5 {[%clk 0:42:02]} 17. Qh5 {[%clk 0:56:39]} Nd8 {[%clk 0:41:04]}
18. e6 {[%clk 0:53:04]} Nxe6 {[%clk 0:36:36]} 19. Qxf7+ {[%clk 0:53:02]} Kd8
{[%clk 0:36:32]} 20. Nxe6+ {[%clk 0:53:25]} Kc8 {[%clk 0:36:39]} 21. Nxf8
{[%clk 0:52:57]} Qd8 {[%clk 0:35:59]} 22. Bh6 {[%clk 0:48:41]} Bb5 {[%clk
0:34:48]} 23. Qg7 {[%clk 0:47:52]} Qh4 {[%clk 0:31:27]} 24. Re7 {[%clk
0:44:31]} Rg8 {[%clk 0:30:41]} 25. Qxg8 {[%clk 0:39:56]} Qxe7 {[%clk 0:30:36]}
26. Ng6+ {[%clk 0:39:54]} Qe8 {[%clk 0:30:37]} 27. Qxe8+ {[%clk 0:39:41]} Bxe8
{[%clk 0:30:57]} 28. Ne7+ {[%clk 0:40:03]} Kd7 {[%clk 0:30:19]} 29. Nxd5 {[%clk
0:39:49]} cxd4 {[%clk 0:29:16]} 30. cxd4 {[%clk 0:40:09]} Rb8 {[%clk 0:29:17]}
31. Nf6+ {[%clk 0:40:23]} Ke6 {[%clk 0:28:16]} 32. Nxe8 {[%clk 0:40:45]} Rxe8
{[%clk 0:28:24]} 33. Nd2 {[%clk 0:41:01]} Kd5 {[%clk 0:28:35]} 34. Nf3 {[%clk
0:40:40]} Ke4 {[%clk 0:27:13]} 35. Re1+ {[%clk 0:40:39]} Kxf3 {[%clk 0:27:32]}
36. Rxe8 {[%clk 0:41:04]} a5 {[%clk 0:27:03]} 37. d5 {[%clk 0:41:19]} f4 {[%clk
0:27:12]} 38. Bxf4 {[%clk 0:41:40]} b3 {[%clk 0:26:58]} 39. a3 {[%clk 0:41:58]}
h6 {[%clk 0:26:55]} 40. d6 {[%clk 0:42:03]} Kg4 {[%clk 0:26:53]} 41. d7 {[%clk
0:42:21]} Kh3 {[%clk 0:26:21]} 42. d8=Q {[%clk 0:42:35]} a4 {[%clk 0:26:25]}
43. Rg8 {[%clk 0:41:43]} h5 {[%clk 0:26:05]} 44. Qd3+ {[%clk 0:42:08]} Kh4
{[%clk 0:26:01]} 45. Qg3# 1-0

[Event "DVM U14w 2020"]
[Site "Willingen GER"]
[Date "2021.06.26"]
[Round "5"]
[White "Reich, Elisabeth"]
[Black "Nguyen, Jenny Ha-Linh"]
[Result "1-0"]
[Termination "normal"]
[Board "6.1"]
[WhiteElo "1191"]
[BlackElo "1368"]
[WhiteClock "00:29:06"]
[BlackClock "00:18:08"]
[WhiteTeam "ATSV Oberkotzau"]
[BlackTeam "Schachgemeinschaft Leipzig"]
[PlyCount "69"]
[WhiteFideId "16239776"]
[BlackFideId "16209729"]
[EventCountry "GER"]
[EventRounds "7"]
[EventType "team-swiss"]
[EventDate "2021.06.23"]

1. e4 {[%clk 1:30:57]} e6 {[%clk 1:30:53]} 2. d3 {[%clk 1:31:21]} d5 {[%clk
1:31:06]} 3. Nd2 {[%clk 1:31:44]} c5 {[%clk 1:30:56]} 4. Ngf3 {[%clk 1:31:57]}
Nf6 {[%clk 1:31:04]} 5. g3 {[%clk 1:32:07]} Nc6 {[%clk 1:30:56]} 6. Bg2 {[%clk
1:32:13]} Bd6 {[%clk 1:30:34]} 7. O-O {[%clk 1:32:04]} O-O {[%clk 1:30:21]} 8.
Re1 {[%clk 1:31:47]} Bc7 {[%clk 1:30:01]} 9. Nh4 {[%clk 1:28:03]} Re8 {[%clk
1:24:04]} 10. f4 {[%clk 1:23:39]} b6 {[%clk 1:16:35]} 11. a3 {[%clk 1:13:28]}
Bb7 {[%clk 1:15:09]} 12. f5 {[%clk 1:11:25]} dxe4 {[%clk 1:07:05]} 13. dxe4
{[%clk 1:10:31]} exf5 {[%clk 1:02:07]} 14. Nxf5 {[%clk 1:09:51]} Ne5 {[%clk
1:00:48]} 15. b3 {[%clk 1:06:00]} g6 {[%clk 0:45:08]} 16. Ne3 {[%clk 1:05:59]}
Qd4 {[%clk 0:44:58]} 17. Rb1 {[%clk 1:05:55]} Rad8 {[%clk 0:45:16]} 18. Qe2
{[%clk 1:02:41]} Neg4 {[%clk 0:39:22]} 19. Bf3 {[%clk 0:58:41]} h5 {[%clk
0:32:43]} 20. Kg2 {[%clk 0:56:01]} Bxe4 {[%clk 0:28:13]} 21. Qf1 {[%clk
0:40:14]} Nxe3+ {[%clk 0:28:12]} 22. Rxe3 {[%clk 0:40:25]} Qxe3 {[%clk
0:27:21]} 23. Nxe4 {[%clk 0:40:38]} Rxe4 {[%clk 0:20:08]} 24. Bxe3 {[%clk
0:39:59]} Rxe3 {[%clk 0:20:33]} 25. Rd1 {[%clk 0:39:33]} Rde8 {[%clk 0:20:38]}
26. Bc6 {[%clk 0:35:38]} R8e6 {[%clk 0:20:25]} 27. Bd7 {[%clk 0:34:47]} Re2+
{[%clk 0:20:40]} 28. Kh3 {[%clk 0:33:24]} Ne4 {[%clk 0:18:50]} 29. Bxe6 {[%clk
0:32:45]} Nf2+ {[%clk 0:18:38]} 30. Kg2 {[%clk 0:32:14]} Rxc2 {[%clk 0:17:42]}
31. Bxf7+ {[%clk 0:30:00]} Kxf7 {[%clk 0:17:03]} 32. Rd7+ {[%clk 0:29:10]} Ke6
{[%clk 0:17:23]} 33. Rxc7 {[%clk 0:29:16]} Ng4+ {[%clk 0:17:48]} 34. Kg1 {[%clk
0:29:00]} Rxh2 {[%clk 0:18:08]} 35. Qf7+ {[%clk 0:29:06]} Kd5 1-0